Nommez un film valide - Quentin Tarantino - Statistiques

Statistiques générales
  • Ce quiz a été pris 122 fois
  • Le résultat moyen est 10 sur 11
Statistiques - réponses
Nommez un film de Quentin Tarantino... Réponses possibles % Correct
avec Uma Thurman Pulp Fiction / Kill Bill
98%
dont le personnage principal est une femme Jackie Brown / Kill Bill
97%
parmi les deux premiers qu'il a réalisés Reservoir Dogs / Pulp Fiction
97%
qui a rapporté plus de $300,000,000 au box-office mondial Django Unchained / Once Upon a Time... in Hollywood / Inglourious Basterds
96%
avec Leonardo DiCaprio Django Unchained / Once Upon a Time... in Hollywood
95%
dont la trame se déroule avant 1900 Django Unchained / Les Huit Salopards
94%
qui se déroule majoritairement en huit clos Reservoir Dogs / Les Huit Salopards
91%
qui réécrit l'histoire Inglourious Basterds / Once Upon a Time... in Hollywood
90%
dont le titre original a été traduit dans la version française Boulevard de la Mort / Les Huit Salopards
85%
dans lequel il joue le rôle d'un personnage qui meurt peu après son introduction Reservoir Dogs / Django Unchained / ((Inglourious Basterds))
82%
qui dure plus de 3h Kill Bill / Les Huit Salopards
80%
Aucun quiz correspondant
Distribution des résultats
% des personnes avec chaque résultat
Percentile par nombre de réponses
Votre historique - résultats
Vous n’avez pas pris ce quiz